Educar para la paz: necesidad de un cambio epistemológico /
Gespeichert in:
| 1. Verfasser: | |
|---|---|
| Weitere Verfasser: | |
| Format: | Text |
| Tags: |
Tag hinzufügen
Keine Tags, Fügen Sie den ersten Tag hinzu!
|
MARC
| LEADER | 00000 a a2200000 04500 | ||
|---|---|---|---|
| 001 | 46570 | ||
| 003 | |||
| 040 | |||
| 100 | |a Fernández-Herrería, Alfonso | ||
| 245 | |a Educar para la paz: |b necesidad de un cambio epistemológico / |c Alfonso Fernández-Herrería, María del Carmen López-López | ||
| 700 | |a López-López, María del Carmen | ||
| 773 | |g volumen21, número64 ( , 2014), páginas 117-142 | ||
| 999 | |c 27270 |d 27270 | ||
